01577nam a2200361 a 4500001001200000003000800012006001900020007001500039008004100054010001700095015001900112016001800131020002800149020003100177040002100208035002100229050002300250082002700273100002000300245013000320260005800450300002600508504005100534533015200585650007200737650005800809650005300867650006000920650006300980655002901043710001701072856012601089ebr10271502CaPaEBRm u cr cn|||||||||060810s2006 enkab sb 001 0 eng  z 2006026438 aGBA6696752bnb7 z0135315652Uk z0199205124 (alk. paper) z9780199205127 (alk. paper) aCaPaEBRcCaPaEBR a(OCoLC)13726204814aPR431b.W57 2006eb04a820.9/352042/090322221 aWiseman, Susan.10aConspiracy and virtueh[electronic resource] :bwomen, writing, and politics in seventeenth century England /cSusan Wiseman. aOxford ;aNew York :bOxford University Press,c2006. a384 p. :bill., maps. aIncludes bibliographical references and index. aElectronic reproduction.bPalo Alto, Calif. :cebrary,d2013.nAvailable via World Wide Web.nAccess may be limited to ebrary affiliated libraries. 0aEnglish literatureyEarly modern, 1500-1700xHistory and criticism. 0aWomen and literaturezEnglandxHistoryy17th century. 0aWomenzEnglandxSocial conditionsy17th century. 0aLiterature and societyzEnglandxHistoryy17th century. 0aWomenxPolitical activityzEnglandxHistoryy17th century. 7aElectronic books.2local2 aebrary, Inc.40uhttp://site.ebrary.com/lib/rucke/Doc?id=10271502zAn electronic book accessible through the World Wide Web; click to view